02706cam a2200613 i 4500001001200000003000600012005001700018008004100035020003800076020004200114020004200156020004600198035002200244035002300266040006600289045001700355046000900372100004900381245012300430260018100553300005700734336002700791337005400818338002800872380001600900380002300916388001000939490003100949504001200980600004600992600004801038610005701086610006101143648002601204648002201230650004301252650004001295651003201335651003701367651002301404655002601427658001301453658002801466710011301494710009701607830003801704920004101742920004501783920004501828920004901873942001501922999001701937952013801954xx004846904NUKAT20260427131405.0200422s2019 pl a g |001 0dpol c a9788380906969q(wersja drukowana) a9788380906976q(wersja elektroniczna) a9788380988118q(wersja drukowana IPN) a9788380988125q(wersja elektroniczna IPN) a(OCoLC)1153291905 a(NUKAT)xx004846904 aKAT U/AMbpolerdacKAT U/AMsdKAT U/AMdKR 253/MHdWA 14/ABs2 bd1913bd2013 k20191 aJagodzińska, Annad(1951- ).eAutor91577610aKustosz pamięci :bksiądz Leon Stępniak (1913-2013) więzień Dachau i Mauthausen-Gusen /cAnna Jagodzińska. aWarszawa :bWydawnictwo Naukowe Uniwersytetu Kardynała Stefana Wyszyńskiego :bInstytut Pamięci Narodowej - Komisja Ścigania Zbrodni przeciwko Narodowi Polskiemu,c2019. a436 stron, [16] stron tablic :bilustracje ;c25 cm. aTekstbtxt2rdacontent aBez urządzenia pośredniczącegobn2rdamedia aWoluminbnc2rdacarrier aKsiążki aPublikacje naukowe1 a2001-1 aW Służbie Niepodległej aIndeks.17aStępniak, Leond(1913-2013)2DBN94066217aStępniak, Leond(1913-2013).2kaba94066327aDachau (niemiecki obóz koncentracyjny)2DBN94066427aMauthausen (niemiecki obóz koncentracyjny)2DBN940665 7a1901-20002DBN934996 7a2001-2DBN936393 7aDuchowieństwo katolickie2DBN935375 7aWięźniowie obozów2DBN936983 7aDachau (Niemcy)2DBN940666 7aMauthausen (Austria)2DBN940667 7aPolska2DBN935076 7aBiografia2DBN935059 aHistoria aReligia i duchowość2 aInstytut Pamięci Narodowej - Komisja Ścigania Zbrodni przeciwko Narodowi Polskiemu.eWydawca4pbl9117922 aUniwersytet Kardynała Stefana Wyszyńskiego (Warszawa).bWydawnictwo.eWydawca4pbl918588 0aW Służbie Niepodległej940668 a978-83-8090-696-9 (wersja drukowana) a978-83-8090-697-6 (wersja elektroniczna) a978-83-8098-811-8 (wersja drukowana IPN) a978-83-8098-812-5 (wersja elektroniczna IPN) 2ddccBK_NM c27802d27802 00102ddc40708K_magaBIPbBIPd2020-11-30eD-36/2020fDg28.00i59943l0o59943pIPWK24047r2026-04-27 13:15:44w2026-04-27yBK_NM